[Event "Back from the dead"]
[Site "http://www.queenalice.com/game.php?id=1018766"]
[Date "2012.1.29"]
[Round "-"]
[White "izabela"]
[Black "kaskarker"]
[Result "0-1"]
[WhiteElo "1358"]
[BlackElo "1735"]

1. e4 e6 2. Nf3 b6 3. d4 Bb7 4. Nc3 Bb4 5. Bd2 d5 6. exd5 exd5 7. Qe2+ Ne7 8.
O-O-O O-O 9. Nb5 Bxd2+ 10. Nxd2 c6 11. Nc3 Re8 0-1

[Event "1ª 2012"]
[Site "http://www.queenalice.com/game.php?id=1019768"]
[Date "2012.1.30"]
[Round "-"]
[White "izabela"]
[Black "kavalheiro"]
[Result "0-1"]
[WhiteElo "1410"]
[BlackElo "1596"]

1. e4 Nc6 2. Nf3 e6 3. d4 Bb4+ 4. c3 Ba5 5. Nbd2 Nf6 6. e5 Ng4 7. Bd3 d5 8. exd6
Qxd6 9. g3 f5 10. O-O h5 11. Qe2 e5 12. dxe5 Qd5 13. Bc4 Qc5 0-1

[Event "Evron"]
[Site "http://www.queenalice.com/game.php?id=1023379"]
[Date "2012.1.31"]
[Round "-"]
[White "joaobatista"]
[Black "izabela"]
[Result "1-0"]
[WhiteElo "1793"]
[BlackElo "1395"]

1. e4 e5 2. Nf3 Nc6 3. a3 Be7 4. Nc3 Nf6 5. Bc4 O-O 6. d3 Nd4 7. Nxe5 d6 8. Nf3
Nxf3+ 9. Qxf3 Bg4 10. Qe3 c5 11. d4 b6 12. O-O Re8 13. h3 Be6 14. d5 Bxd5 15.
Nxd5 Nxd5 16. Bxd5 Bf6 17. c3 h6 18. Qg3 Rc8 19. Bxh6 1-0

[Event "Challenge"]
[Site "http://www.queenalice.com/game.php?id=1023658"]
[Date "2012.2.1"]
[Round "-"]
[White "Narciso"]
[Black "izabela"]
[Result "1-0"]
[WhiteElo "1351"]
[BlackElo "1393"]

1. Nf3 Nc6 2. c3 e5 3. d4 d6 4. e3 exd4 5. cxd4 Bg4 6. Bc4 Nf6 7. h3 Bxf3 8.
Qxf3 Be7 9. d5 Ne5 10. Qg3 O-O 11. b3 c5 12. e4 b6 13. Bg5 Nxc4 14. Bh6 g6 15.
Bxf8 Bxf8 16. bxc4 Qe7 17. Nd2 Nxe4 18. Nxe4 Qxe4+ 19. Qe3 Qxg2 20. Rf1 Bg7 21.
Qg3 Qxg3 22. fxg3 Bxa1 23. Kd1 Be5 24. g4 f5 25. gxf5 gxf5 26. Rxf5 Rf8 27. Rg5+
1-0

[Event "Challenge"]
[Site "http://www.queenalice.com/game.php?id=1025039"]
[Date "2012.2.2"]
[Round "-"]
[White "Alvo_Dumbledore"]
[Black "izabela"]
[Result "1-0"]
[WhiteElo "1669"]
[BlackElo "1375"]

1. e4 e5 2. d4 exd4 3. c3 dxc3 4. Bc4 cxb2 5. Bxb2 d6 6. e5 Be7 7. Qd5 c6 8.
Qxf7+ Kd7 9. Be6+ Kc7 10. exd6+ Kxd6 11. Bxc8 Qxc8 12. Bxg7 Qe6+ 13. Qxe6+ Kxe6
14. Bxh8 Bb4+ 15. Bc3 Bxc3+ 16. Nxc3 Nd7 17. Nf3 Ndf6 18. O-O Rd8 19. Rfe1+ Kd7
20. Rad1+ 1-0

[Event "Challenge"]
[Site "http://www.queenalice.com/game.php?id=1025040"]
[Date "2012.2.2"]
[Round "-"]
[White "izabela"]
[Black "Alvo_Dumbledore"]
[Result "0-1"]
[WhiteElo "1401"]
[BlackElo "1663"]

1. e4 c5 2. Nf3 d6 3. Nc3 Nc6 4. Bb5 Bd7 5. Bxc6 Bxc6 6. O-O g6 7. d4 cxd4 8.
Qxd4 e5 9. Qd3 Bg7 10. Nd5 Nf6 11. Bg5 Bxd5 12. exd5 O-O 13. Bxf6 Bxf6 14. Rfe1
Qb6 15. Rad1 Qxb2 16. Nxe5 Bxe5 17. c3 Qxc3 18. Qxc3 Bxc3 0-1

[Event "Challenge"]
[Site "http://www.queenalice.com/game.php?id=1025043"]
[Date "2012.2.2"]
[Round "-"]
[White "izabela"]
[Black "FabRennes"]
[Result "0-1"]
[WhiteElo "1371"]
[BlackElo "1445"]

1. e4 e5 2. Nf3 Nc6 3. Bb5 Nf6 4. Nc3 Bc5 5. O-O O-O 6. d3 d6 7. Bxc6 bxc6 8. d4
Bxd4 9. Nxd4 exd4 10. Qxd4 c5 11. Qc4 Re8 12. Re1 Be6 13. Nd5 c6 14. Bg5 cxd5
15. exd5 Bxd5 16. Bxf6 Bxc4 17. Bxd8 Rexd8 18. h3 d5 19. b3 Ba6 20. Rad1 d4 21.
Re5 c4 0-1

[Event "Challenge"]
[Site "http://www.queenalice.com/game.php?id=1025995"]
[Date "2012.2.4"]
[Round "-"]
[White "vizelinha"]
[Black "izabela"]
[Result "1-0"]
[WhiteElo "1899"]
[BlackElo "1371"]

1. e4 e5 2. Nf3 Nc6 3. Bc4 Nf6 4. d3 Bb4+ 5. c3 Be7 6. Ng5 d5 7. Bb3 dxe4 8.
dxe4 Qxd1+ 9. Bxd1 Ng4 10. O-O O-O 11. Na3 Bxg5 12. Bxg5 Be6 13. h3 Nxf2 14.
Rxf2 Rad8 15. Bxd8 Rxd8 16. Bb3 Bxb3 17. axb3 1-0

[Event "Evron II"]
[Site "http://www.queenalice.com/game.php?id=1112001"]
[Date "2012.10.13"]
[Round "-"]
[White "joaobatista"]
[Black "izabela"]
[Result "1-0"]
[WhiteElo "1772"]
[BlackElo "1344"]

1. d4 d5 2. Nf3 Nc6 3. a3 Nf6 4. h3 e6 5. g3 h6 6. Bg2 Bd6 7. O-O O-O 8. Nbd2 a6
9. b4 Ne4 10. Bb2 e5 11. Nxe4 dxe4 12. Nh4 Nxd4 13. Kh2 Be6 14. Bxe4 Qd7 15.
Bxb7 Rab8 16. Bg2 Nc6 17. Qd3 g6 18. Qd2 Bf5 19. Qxh6 Bxc2 20. Nf3 g5 21. Nxg5
f6 22. Bd5+ Rf7 23. Qxf6 Kf8 24. Bxf7 Qe7 25. Qh8# 1-0

[Event "Challenge"]
[Site "http://www.queenalice.com/game.php?id=1112009"]
[Date "2012.10.13"]
[Round "-"]
[White "josebaron"]
[Black "izabela"]
[Result "1-0"]
[WhiteElo "1950"]
[BlackElo "1346"]

1. e4 e5 2. Nf3 Nc6 3. Bc4 Nf6 4. d3 Be7 5. Bg5 O-O 6. O-O d6 7. h3 Bd7 8. c3 a6
9. a4 b5 10. axb5 axb5 11. Rxa8 Qxa8 12. Bxb5 Qa1 13. Qc2 Ra8 14. Na3 Qxf1+ 15.
Kxf1 Rd8 16. b4 h6 17. Bh4 g5 18. Bg3 d5 19. exd5 Nxd5 20. Nxe5 Nxe5 21. Bxe5
Bxb5 22. Nxb5 c6 23. Nd4 f6 24. Nxc6 fxe5 25. Nxd8 Bxd8 26. Qb3 Kg7 27. Qxd5 Bf6
28. b5 1-0

[Event "Challenge"]
[Site "http://www.queenalice.com/game.php?id=1113603"]
[Date "2012.10.18"]
[Round "-"]
[White "skimonline"]
[Black "izabela"]
[Result "1-0"]
[WhiteElo "1276"]
[BlackElo "1340"]

1. d4 d5 2. Qd3 Nc6 3. c3 f6 4. e4 e6 5. Na3 dxe4 6. Qxe4 f5 7. Qe3 Bxa3 8. bxa3
Nf6 9. Nf3 O-O 10. Ne5 Qd5 11. Nxc6 Qxc6 12. Qe5 Qd5 13. Qxd5 exd5 14. c4 Re8+
15. Be3 f4 16. cxd5 Nxd5 17. Bc4 fxe3 18. Bxd5+ Be6 19. Bb3 Kf8 20. fxe3 c6 21.
O-O+ Ke7 22. e4 Rad8 23. d5 cxd5 24. exd5 Bxd5 25. Rae1+ Kd6 26. Bxd5 Kxd5 27.
Rd1+ Ke6 28. Rb1 1-0

[Event "Challenge"]
[Site "http://www.queenalice.com/game.php?id=1245770"]
[Date "2014.1.6"]
[Round "-"]
[White "izabela"]
[Black "joaobatista"]
[Result "0-1"]
[WhiteElo "1293"]
[BlackElo "1651"]

1. e3 a6 2. Nf3 Nc6 3. Nc3 e6 4. Be2 b6 5. O-O h6 6. d3 Nf6 7. e4 Bd6 8. Be3 Ng4
9. Qd2 Nxe3 10. fxe3 Bb7 11. Rad1 Ne7 12. a3 c6 13. d4 Bc7 14. e5 g5 15. e4 d6
16. Rfe1 d5 17. exd5 cxd5 18. Rf1 b5 19. b4 Bb6 20. Qe3 Qd7 21. Rd2 Nf5 22. Qd3
g4 23. Ne1 Nxd4 24. Qe3 Qd8 25. Bxg4 Nf3+ 26. Nxf3 Bxe3+ 27. Rdf2 Bxf2+ 0-1

[Event "RJGF"]
[Site "http://www.queenalice.com/game.php?id=1253019"]
[Date "2014.2.1"]
[Round "1"]
[White "izabela"]
[Black "aljunior"]
[Result "0-1"]
[WhiteElo "1291"]
[BlackElo "1577"]

1. e4 e5 2. Nf3 Nc6 3. d3 Bc5 4. Be3 Bxe3 5. fxe3 d5 6. exd5 Qxd5 7. Nc3 Qd8 8.
e4 Bg4 9. h3 Bxf3 10. Qxf3 Nd4 11. Qe2 Nxe2 12. Bxe2 Qh4+ 13. g3 Qxg3+ 14. Kd2
Ne7 15. Rhf1 O-O-O 16. Rad1 Qg5+ 17. Ke1 f5 0-1

[Event "Challenge"]
[Site "http://www.queenalice.com/game.php?id=1255364"]
[Date "2014.2.10"]
[Round "-"]
[White "Numimbala"]
[Black "izabela"]
[Result "1-0"]
[WhiteElo "1100"]
[BlackElo "1293"]

1. d3 Nc6 2. e4 e5 3. f3 Nf6 4. c3 Be7 5. h4 O-O 6. h5 h6 7. Nd2 d6 8. b4 Be6 9.
Ne2 Qd7 10. f4 Rad8 11. Ng3 exf4 12. Ne2 Bg4 13. b5 Ne5 14. Qb3 1-0